000 01290nam0a2200301 4500
001 RU\NLR\bibl\1417817
005 20260406070843.0
010 _a978-5-699-37510-3
_93000
021 _aRU
_b2009-73387
_9352д
035 _a(NLR Aleph) 001409774
090 _a1275013
_c1275013
100 _a20090930d2009 |||y0rusy50 ca
101 0 _arus
102 _aRU
105 _aa |||||||||
200 1 _aДедушкина копилка
_eрассказы и сказки
_e[для среднего школьного возраста]
_fЕвгений Пермяк
210 _aМосква
_cЭксмо
_d2009
215 _a462, [1] с.
_cил.
_d21
327 1 _aСодерж.: разделы: На все цвета радуги; Семьсот семьдесят семь мастеров; Волшебные истории; Тонкая струна; Дедушкины очки; Памятные узелки; Маленькие лукавинки
686 _aШ9(2)62=Р7-4
700 1 _4070
_8rus
_7ca
_aПермяк
_bЕ. А.
_gЕвгений Андреевич
_f1902-1982
_3RU\NLR\auth\7727461
_910493
801 0 _aRU
_bNLR
_c20090930
_gRCR
801 1 _aRU
_bNLR
_c20090930
830 _aавт. по кн.
942 _cBOOK
980 _aNB